| 000 | 00456nam a2200193Ia 4500 | ||
|---|---|---|---|
| 008 | 240509s9999 xx 000 0 und d | ||
| 020 | _a0000340364483 | ||
| 041 | _aEng | ||
| 082 | _a005.133 | ||
| 082 | _bJ55 | ||
| 100 | _aJONES G. | ||
| 245 | 0 | _aSTRUCTURED PROGRAM DESIGN WITH BBC AND OTHER BASICS | |
| 260 | _bLONDON : MIKE HEADON | ||
| 260 | _c1988 | ||
| 300 | _a169 p. | ||
| 650 | _aPROGRAM DESIGN : PASCAL | ||
| 942 | _2ddc | ||
| 942 | _cLBK | ||
| 999 |
_c22515 _d22515 |
||
| 945 |
_a1 _bMadushi Gamage _c1 _dMadushi Gamage |
||